| 000 | 00393pam a2200169 a 4500 | ||
|---|---|---|---|
| 020 |
_a0-304-32653-4 _c |
||
| 041 | _h | ||
| 082 | _a647.940688 | ||
| 100 |
_aBUTTLE F _eAuthor |
||
| 245 |
_aHOTEL AND FOOD SERVICE MARKETING _cBUTTLE F _hTextual Documents |
||
| 250 | _a1st | ||
| 260 |
_aLondon _bCASELL |
||
| 300 | _a414 | ||
| 653 | _aFood services | ||
| 700 | _eCo-Author | ||
| 930 | _a2141 | ||
| 999 |
_c229542 _d229542 |
||